000 00354nam a2200133Ia 4500
008 151001s9999||||xx |||||||||||||| ||und||
100 _aनरेंद्र जाधव
245 _aआमचा बाप आन आम्ही
250 _a1
260 _bग्रंथाली
260 _c1993
300 _a190
365 _b21
999 _c982403
_d982400